000 00838nam a22002177a 4500
008 240702b mp ||||| |||| 00| 0 mon d
035 _a13255
040 _aSU1322070
_bmon
_cMN-UlNLM
_dMN-UlNLM
_erda
041 _amon
042 _a34405
084 _2NNA
_a84.8(0)
_bК-606
100 _aКоллоди К.
245 0 _aПиноккио модон хүүгийн үлгэр
264 _aУБ
_bХөх дэвтэр
_c2010
300 _a190х.
336 _2rdacontent
_atext
_btxt
337 _2rdamedia
_aunmediated
_bn
338 _2rdacarrier
_avolume
_bnc
650 _aАнх черри гэгч мужаан хүүхэд шиг инээж, уйлдаг модны тайрдас олсноос бүх зүйл эхэлсэн гэдэг Черриэнэ тайрдсаа бүжиглэж, сэлэм ...
942 _2NNA
_cBK
999 _c1070842
_d1070899